Top 15 dei paesi con decessi Covid-19 - 5 novembre 2022 - Statistics

Statistiche generali
  • Questo quiz è stato fatto 11 volte
  • Il punteggio medio è 14 su 28
Statistiche sulle risposte
paese % Corretto
Italia
100%
Stati Uniti
100%
Brasile
90%
Francia
90%
Germania
90%
Argentina
80%
Messico
80%
Russia
80%
Regno Unito
70%
Colombia
60%
India
60%
Polonia
60%
Romania
50%
Bosnia ed Erzegovina
40%
Bulgaria
40%
Grecia
40%
Iran
40%
Cechia
30%
Croazia
30%
Ungheria
30%
Indonesia
20%
Lettonia
20%
Lituania
20%
Macedonia del Nord
20%
Perù
20%
Slovacchia
20%
Slovenia
20%
Georgia
10%
Nessun quiz corrispondente trovato
Distribuzione punteggi
Percentuale di utenti per punteggio
Percentile per numero di risposta
I tuoi punteggi nel tempo
Non hai fatto questo quiz